000 017440000a22003490004500
003 EG-GICUC
005 20250223025333.0
008 080615s2008 ua dh f m 000 0 eng d
040 _aEG-GICUC
_beng
_cEG-GICUC
041 0 _aEng
049 _aDeposite
097 _aM.Sc
099 _aCai01.11.10.M.Sc.2008.Ne.N
100 0 _aNevine Ahmed Hamza Dorgham
245 1 0 _aNon Ablative rejuvination of the face /
_cNevine Ahmed Hamza Dorgham ; Supervised Medhat Abdelmoneem Elmofty , Mostafa Aboalela , Rehab Mohammed Sobhy
246 1 5 _aاعادة الشباب الى البشرة باستخدام الطرق اللاتبخيرية
260 _aCairo :
_bNevine Ahmed Hamza Dorgham ,
_c2008
300 _a129p. :
_bCharts , facsimiles ;
_c25cm
502 _aThesis (M.Sc.) - Cairo University - Faculty Of Medicine - Department Of Dermatology and Venerology
520 _aNonablative rejuvenation is considered one of the most recent methods of treating skin aging , it acts through inducine controlled heat injury in the dermal tissue while leaving the epidermis intact , requiring no down time.this deep heat injury provokes the process of collagen regeneration.a lot of laser devices are used new like Nd : YAG laser , pulse dye laser and diode laser , also noncoherent lights like intense pulse light and light emitting diode.
530 _aIssued also as CD
653 4 _aNonablative
653 4 _aRejuvenation
653 4 _aSkin aging
700 0 _aMedhat Abdelmoneem Elmofty ,
_eSupervisor
700 0 _aMostafa Aboalela ,
_eSupervisor
700 0 _aRehab Mohammed Sobhy ,
_eSupervisor
856 _uhttp://172.23.153.220/th.pdf
905 _aAml
_eCataloger
905 _aMustafa
_eRevisor
942 _2ddc
_cTH
999 _c10779
_d10779